[Event "TUR-chT Superleague 2018"]
[Site "Ankara"]
[Date "2018.07.30"]
[Round "7"]
[White "Inarkiev, Ernesto"]
[Black "Kitir, Ahmet"]
[Result "1-0"]
[WhiteElo "2684"]
[BlackElo "2020"]
[Annotator "TA"]
[PlyCount "69"]
[EventDate "2018.07.25"]
[EventType "team-tourn"]
[EventCountry "TUR"]
[SourceTitle "playchess.com"]
[Source "ChessBase"]
[SourceQuality "1"]

{[%evp 18,69,93,94,138,131,130,138,126,101,114,99,174,166,168,154,185,183,205,226,273,244,244,165,165,169,166,160,172,132,206,141,162,168,166,166,271,257,263,258,247,236,483,481,456,456,414,448,1114,1033,1132,1037,5231,5152]} 1. d4 Nf6 2. Nf3 e6 3. g3 d5 4. Bg2 Be7 5. c4 O-O 6. Nc3 dxc4 7. O-O c5 8. dxc5 Qxd1 9. Rxd1 Bxc5 10. Ne5 {LiveBook: 6 Partien} Nfd7 {E05: Katalanisch} 11. Nxc4 Nc6 12. Ne4 Be7 {Weiß steht deutlich besser.} 13. Ned6 Rd8 14. Be3 $146 ({Vorgänger:} 14. Bxc6 bxc6 15. Nxc8 Raxc8 16. Be3 c5 17. Rac1 Nb6 18. Rxd8+ Rxd8 {1-0 (42) Beil,Z (2425)-Klauser,M (2375) Reggio Emilia 1987}) 14... Nf8 (14... Nf6 $16) 15. Rd2 $18 f6 16. f4 Ng6 17. Rad1 Kf8 18. a3 {[%cal Ba2a3,Ba3a4][%mdl 32]} Nh8 19. b4 {[%cal Bb2b4,Bb4b5][%mdl 32]} Nf7 20. b5 Na5 21. Nxa5 Rxd6 22. Rxd6 Nxd6 {[#]} 23. a4 $1 a6 (23... h6 $16 24. Bc5 Ne8) 24. b6 $36 {[%mdl 2048] Läuft bei Weiss.} Rb8 25. Bc5 Ne8 26. Nb3 a5 (26... g6 {war nötig.} 27. a5 Kf7) 27. Bxe7+ Kxe7 28. Nxa5 Nd6 {beabsichtigt ...Ta8.} 29. Rc1 Ra8 $2 {[#]} (29... Bd7 30. Nb3 (30. Rc7 Rc8 $18) 30... e5) 30. Rc7+ Kd8 31. Nxb7+ Bxb7 32. Bxb7 Rxa4 (32... Rb8 $142 33. a5 Nxb7 34. Rxg7 Nd6 35. Rxh7 e5 36. fxe5 fxe5) 33. Bc6 Ra1+ 34. Kf2 Rd1 35. Rd7+ {Precision: Weiß = 90%, Schwarz = 26%.} 1-0

[Event "TUR-chT Superleague 2018"]
[Site "Ankara"]
[Date "2018.07.30"]
[Round "7"]
[White "Safarli, Eltaj"]
[Black "Kanmazalp, Ogulcan"]
[Result "1-0"]
[WhiteElo "2667"]
[BlackElo "2481"]
[Annotator "TA"]
[PlyCount "99"]
[EventDate "2018.07.25"]
[EventType "team-tourn"]
[EventCountry "TUR"]
[SourceTitle "playchess.com"]
[Source "ChessBase"]
[SourceQuality "1"]

{[%evp 16,99,21,-2,22,-13,-10,-73,-65,-55,-67,-57,-53,-62,-63,-56,-59,-87,-41,-70,-56,-71,-29,-17,0,-26,-15,-10,0,0,0,-29,0,0,0,6,8,0,0,0,8,0,23,22,27,21,51,52,62,62,62,62,62,62,62,60,59,55,59,56,56,56,58,39,76,78,105,62,61,61,64,62,60,60,101,101,142,146,203,195,206,158,173,167,175,166]} 1. e4 e6 2. d4 d5 3. Nd2 c5 4. Ngf3 cxd4 5. Nxd4 Nc6 6. Bb5 Bd7 7. Nxc6 bxc6 8. Bd3 Bd6 {C07: French Tarrasch: 3...c5, 4 Ngf3 and 4 exd5 Qxd5} 9. Qe2 {LiveBook: 77 Games} e5 (9... Ne7 10. Nf3 h6 11. c4 O-O 12. O-O a5 13. Re1 a4 14. Bd2 Rb8 15. Bc3 Bb4 16. Ne5 Bxc3 17. bxc3 {½-½ (52) Navara,D (2740)-Kovalenko,I (2639) Katowice 2017}) 10. Nf3 $146 ({Predecessor:} 10. O-O Ne7 11. c4 d4 12. f4 exf4 13. e5 Bc7 14. Ne4 Bxe5 15. Bxf4 Qc7 16. Bg3 {½-½ (68) Kevlishvili,R (2451)-Poetsch,H (2485) Vandoeuvre 2018}) 10... Qe7 {The position is equal.} 11. Ba6 (11. O-O $11 {remains equal.}) 11... Nf6 12. Bg5 Rb8 13. O-O O-O 14. b3 h6 ({Reject} 14... dxe4 15. Nd2 $11) 15. Bxf6 $1 Qxf6 16. Rad1 Rfe8 17. c3 Bg4 18. h3 Be6 19. Rfe1 Rbd8 20. Qe3 dxe4 21. Nd2 Qg6 22. Nxe4 Bd5 23. Bf1 (23. g4 {feels hotter.} Bc7 24. Qxa7 Bb8 25. Qb6 h5 26. c4) 23... Bxe4 (23... Bf8 {with more complications.} 24. Nc5 f5 25. b4 Qf7 26. Qe2 Qf6) 24. Qxe4 Qxe4 25. Rxe4 Bc7 26. Rde1 Rd2 27. a4 Bb6 28. R1e2 $36 {[%mdl 2048] White has good play.} Rd3 29. Rc4 Rd6 30. b4 a5 31. g4 f6 32. Bg2 Rc8 33. Be4 Rc7 34. Rb2 Kf7 35. bxa5 Bxa5 36. Rc5 Ra7 37. Bxc6 Rd3 38. Rb3 Ke7 39. Be4 Rd1+ 40. Kg2 Ra1 41. Rc4 Bd8 42. Bc6 Ra2 43. Rb8 Rd2 44. h4 {[%cal Bh3h4,Bh4h5][%mdl 32]} Ra2 45. h5 Rd2 46. Kf3 {White is clearly better.} Ra2 (46... Rc2 $16) 47. Ke3 $18 Bc7 48. Rb1 Bd8 49. f3 Ba5 50. Rb8 {Precision: White = 76%, Black = 49%.} 1-0

[Event "TUR-chT Superleague 2018"]
[Site "Ankara"]
[Date "2018.07.30"]
[Round "7"]
[White "Salgado Lopez, Ivan"]
[Black "Ivic, Velimir"]
[Result "1-0"]
[WhiteElo "2643"]
[BlackElo "2432"]
[Annotator "TA"]
[PlyCount "57"]
[EventDate "2018.07.25"]
[EventType "team-tourn"]
[EventCountry "TUR"]
[SourceTitle "playchess.com"]
[Source "ChessBase"]
[SourceQuality "1"]

{[%evp 27,57,16,24,18,11,1,18,-21,-37,-53,0,0,205,212,225,228,295,295,325,326,332,309,559,243,852,850,842,832,1739,1483,1448,1357]} 1. d4 Nf6 2. Bg5 d5 3. Nd2 c5 4. e3 Nc6 5. c3 e6 6. Ngf3 Be7 7. Bd3 b6 8. O-O O-O 9. Ne5 Nxe5 10. dxe5 Nd7 11. Bxe7 Qxe7 12. f4 f6 13. exf6 {D03: 1 d4 d5 2 Nf3 Nf6 3 Bg5, including Torre Attack with early ...d5} Rxf6 14. e4 Bb7 {LiveBook: 3 Games} 15. e5 {White has an edge.} (15. Qe2 c4 16. Bc2 Raf8 17. exd5 Bxd5 18. Nxc4 Rxf4 19. Ne3 Qc5 20. Rxf4 Rxf4 {0-1 (70) Leskovar,M (2306)-Sambuev,B (2539) chess.com INT 2017}) 15... Rf7 $1 16. Qg4 Raf8 $146 ({Predecessor:} 16... c4 17. Bc2 Qc5+ 18. Kh1 Qe3 19. Nf3 Qxf4 20. Bxh7+ Kh8 {1-0 (38) Karolyfalvi,Z (2189)-Antal,L (2215) Hungary 2007}) 17. h4 c4 18. Bc2 {White wants to play Nf3.} Qc5+ (18... d4 $1 $15 19. Be4 (19. cxd4 Qb4 $17) 19... dxc3 20. bxc3 Nc5 21. Bxb7 Qxb7) 19. Kh2 $11 Qe3 $2 {[#]} (19... d4 $11 {and Black is okay.} 20. Be4 (20. Qxe6 d3 $15) 20... Bd5) 20. Rae1 $1 $40 {[%cal Re1e3][%mdl 128] White wants a kill.} Qxd2 21. Re2 Qxc2 22. Rxc2 Rf5 23. h5 Nc5 24. Qh4 Nd3 $2 (24... Bc8 25. Kg1 Bd7) 25. Rcf2 (25. g4 $142 R5f7 {[#]} 26. f5 $1 {[%mdl 512]}) 25... g5 $2 {[#]} (25... Nxf2 26. Rxf2 Re8) 26. hxg6 $1 {White is clearly winning.} hxg6 27. g4 g5 28. Qh6 {Intending Qg6+ and mate.} R5f7 29. Qg6+ {Precision: White = 58%, Black = 31%.} ({Inferior is} 29. Qxg5+ Rg7 $15) 1-0

[Event "TUR-chT Superleague 2018"]
[Site "Ankara"]
[Date "2018.07.30"]
[Round "7"]
[White "Gledura, Benjamin"]
[Black "Yaran, Siar"]
[Result "1-0"]
[WhiteElo "2626"]
[BlackElo "2261"]
[Annotator "TA"]
[PlyCount "137"]
[EventDate "2018.07.25"]
[EventType "team-tourn"]
[EventCountry "TUR"]
[SourceTitle "playchess.com"]
[Source "ChessBase"]
[SourceQuality "1"]

{[%evp 25,137,0,0,0,0,0,0,0,0,0,0,-22,-22,-20,-26,-28,0,-18,0,-20,0,-4,47,37,35,46,56,46,48,22,56,60,79,73,55,45,45,43,40,43,35,9,9,10,17,11,254,240,237,229,343,343,325,336,351,350,336,275,267,261,197,197,290,247,225,198,241,229,451,452,435,407,400,375,499,497,454,434,747,722,1102,1039,12835,887,12840,5708,12839,12839,12840,12840,12841,12841,12841,12839,12839,12837,12837,12838,12838,12839,12840,12840,12842,12842,12844,12844,12845,12845,12847,12847,12848,12848,12848,12846]} 1. Nf3 Nf6 2. c4 e6 3. g3 d5 4. Bg2 Be7 5. O-O O-O 6. b3 b6 7. Bb2 Bb7 8. d4 dxc4 9. bxc4 c5 {E17: Queen's Indian: 4 g3 Bb7 5 Bg2 Be7} 10. e3 Nc6 11. Nbd2 Qc7 12. Qe2 Rfd8 13. Rfd1 Rac8 {[#] LiveBook: 3 Games} 14. Nb3 $146 ({Predecessor:} 14. Rac1 Qb8 15. h4 a6 16. Bh3 Rc7 17. d5 exd5 18. cxd5 Nxd5 {1-0 (33) Obregon Rivero,J (2548)-Perez Garcia,R (2337) Merida 2014}) 14... a5 15. Rac1 a4 16. Nbd2 Nb4 17. a3 Nc6 $1 18. Qd3 (18. d5 $5 exd5 19. cxd5 Nxd5 20. e4 $11) 18... Na5 19. Qc2 cxd4 20. exd4 {[#]} b5 $1 {[%cal Ra5c4][%mdl 512]} 21. c5 $1 (21. cxb5 Qxc2) 21... Bd5 22. Ne5 Nc6 23. Bxd5 Rxd5 (23... Nxd5 $11 24. Ne4 b4) 24. Ndf3 $14 Nd7 {[%cal Rc6e5]} 25. Nd3 Rf5 26. Qe2 Bf6 27. Qe4 Be7 28. Nfe5 Ndxe5 29. Nxe5 h5 30. f4 Nxe5 31. fxe5 Qc6 32. Qxc6 Rxc6 33. Kg2 f6 34. exf6 Bxf6 35. Rb1 e5 $2 {[#]} (35... Kf7 $11) 36. dxe5 $18 Be7 37. Bd4 Bxc5 (37... Kf7 $142 38. Rxb5 g5) 38. Rbc1 ({Inferior is} 38. Rxb5 Bxa3 39. Rb8+ Rf8 $11) 38... Bxd4 39. Rxc6 {[%mdl 4096] Endgame KRR-KRB} Rf2+ 40. Kh3 Bxe5 41. Rd5 Bb2 42. Rxb5 Bxa3 43. Ra6 Be7 (43... Bc1 {is a better defense.} 44. Rc5 Be3) 44. Rxh5 a3 45. Kg4 Rd2 46. Ra7 Bb4 $2 (46... Re2 {was called for.} 47. Kf3 Re1) 47. Rg5 Bc3 48. Rxa3 Bf6 49. Rh5 Kf7 50. h4 {White is clearly winning.} Rd4+ 51. Kh3 Kg6 (51... Rb4 $142 52. Ra7+ Ke6 53. Ra6+ Ke7) 52. Rb5 Rc4 53. g4 {[%cal Bg3g4,Bg4g5][%mdl 32]} Rc1 54. Ra6 (54. h5+ $142 Kf7 55. Ra7+ Ke6 56. Ra6+ Kf7 57. g5 Rh1+ 58. Kg4 Rg1+ 59. Kf4 Rf1+ 60. Ke4 Re1+ 61. Kd3) 54... Rh1+ 55. Kg3 (55. Kg2 $142 Rxh4 56. Kg3) 55... Kh7 56. g5 Bc3 57. Kg4 g6 58. Rb7+ Bg7 59. Raa7 Kh8 60. Re7 Rg1+ 61. Kf3 Rh1 62. Ra4 Rf1+ 63. Kg2 Rf5 64. Ra6 Rf4 65. Kg3 Rf1 66. Rxg6 Rg1+ 67. Kh2 Rg4 68. Kh3 Ra4 69. Rge6 {Precision: White = 79%, Black = 45%.} 1-0

[Event "TUR-chT Superleague 2018"]
[Site "Ankara"]
[Date "2018.07.30"]
[Round "7"]
[White "Abasov, Nijat"]
[Black "Cheparinov, Ivan"]
[Result "1/2-1/2"]
[WhiteElo "2623"]
[BlackElo "2712"]
[Annotator "TA"]
[PlyCount "60"]
[EventDate "2018.07.25"]
[EventType "team-tourn"]
[EventCountry "TUR"]
[SourceTitle "playchess.com"]
[Source "ChessBase"]
[SourceQuality "1"]

{[%evp 20,60,12,10,44,47,54,48,53,18,19,19,19,16,18,19,44,21,19,19,26,15,15,15,20,16,19,19,17,12,12,12,12,12,12,8,12,10,10,0,12,0,10]} 1. d4 Nf6 2. Nf3 d5 3. c4 e6 4. Nc3 Bb4 5. Bg5 h6 6. Bxf6 Qxf6 7. e3 O-O 8. Rc1 dxc4 9. Bxc4 c5 {D38: Queen's Gambit Declined: Ragozin Defence (4 Nf3 Bb4)} 10. dxc5 {[%cal Bd4c5,Bc5c6][%mdl 32]} Nd7 11. c6 {LiveBook: 5 Games} Ne5 12. Nxe5 Qxe5 13. Qb3 $146 ({Predecessor:} 13. O-O bxc6 14. Qe2 Rd8 15. Rfd1 Bb7 16. Rxd8+ Rxd8 17. Rd1 Rxd1+ 18. Qxd1 {½-½ (37) Giri,A (2790)-Carlsen,M (2863) Shamkir 2015}) 13... Ba5 14. Qb5 (14. cxb7 {looks sharper.} Bxb7 15. Qxb7 Rab8 16. Qxa7 Rxb2 17. O-O) 14... Qxb5 15. Bxb5 bxc6 16. Bd3 Rb8 17. b3 $1 c5 18. Ke2 Bb7 19. f3 Bb4 20. Ne4 Bxe4 {The position is equal.} 21. Bxe4 Rfd8 {[#] Threatens to win with ...Rd2+.} 22. Rhd1 Kf8 23. Rxd8+ Rxd8 24. Rd1 (24. Bd3 {feels hotter.} Ke7 25. g4 a5 26. h4 g5 27. f4) 24... Rxd1 25. Kxd1 $11 {[%mdl 4096] Endgame KB-KB} Ke7 26. Ke2 Kd6 27. Kd3 Ba3 28. Kd2 Bb4+ 29. Kd3 Ba3 30. Kd2 Bb4+ {Precision: White = 46%, Black = 74%.} 1/2-1/2

[Event "TUR-chT Superleague 2018"]
[Site "Ankara"]
[Date "2018.07.30"]
[Round "7"]
[White "Zhigalko, Sergei"]
[Black "Mamedov, Rauf"]
[Result "1/2-1/2"]
[WhiteElo "2616"]
[BlackElo "2708"]
[Annotator "TA"]
[PlyCount "62"]
[EventDate "2018.07.25"]
[EventType "team-tourn"]
[EventCountry "TUR"]
[SourceTitle "playchess.com"]
[Source "ChessBase"]
[SourceQuality "1"]

{[%evp 25,62,8,8,8,14,4,18,12,18,27,39,39,45,44,52,49,65,60,71,69,65,72,68,35,39,35,35,35,35,35,39,25,35,0,39,0,39,0,39]} 1. e4 e5 2. Nf3 Nf6 3. Nxe5 d6 4. Nf3 Nxe4 5. d4 d5 6. Bd3 Bd6 7. O-O O-O 8. c4 c6 9. Nc3 Nxc3 10. bxc3 dxc4 11. Bxc4 Bf5 12. Bd3 {C42: Petroff Defence: 3 Nxe5 and unusual White 3rd moves} (12. Ng5 h6 13. Qf3 Bg6 14. Ne4 Bxh2+ 15. Kxh2 Qh4+ 16. Qh3 Qxh3+ 17. gxh3 Bxe4 18. Rg1 Re8 19. Bxh6 g6 {½-½ (40) Vachier Lagrave,M (2789)-Caruana,F (2822) Stavanger 2018}) 12... Bxd3 13. Qxd3 Nd7 {LiveBook: 6 Games} 14. c4 Re8 15. a4 $146 (15. h3 {feels hotter.} Qc7 16. a4 a5 17. c5 Be7 18. Bd2) ({Predecessor:} 15. Bb2 Nc5 16. Qc2 Ne4 17. Rae1 f5 18. Qb3 Kh8 19. d5 Qb6 {0-1 (36) Lie,K (2240)-Pihlajasalo,H Gausdal 1997}) 15... a5 16. Ba3 Bxa3 17. Qxa3 c5 18. d5 Qf6 19. Rfe1 h6 20. h3 Qa6 21. Qb3 Qb6 22. Qd3 Qd6 23. Rab1 b6 24. g3 Nf6 25. Kg2 Rxe1 26. Rxe1 Re8 27. Rb1 Nd7 28. Rb3 Qf6 29. Rb1 Qd6 30. Rb3 Qf6 31. Rb1 Qd6 {Precision: White = 41%, Black = 60%.} 1/2-1/2

[Event "TUR-chT Superleague 2018"]
[Site "Ankara"]
[Date "2018.07.30"]
[Round "7"]
[White "Baryshpolets, Andrey"]
[Black "Haznedaroglu, Kivanc"]
[Result "1/2-1/2"]
[WhiteElo "2603"]
[BlackElo "2472"]
[Annotator "TA"]
[PlyCount "102"]
[EventDate "2018.07.25"]
[EventType "team-tourn"]
[EventCountry "TUR"]
[SourceTitle "playchess.com"]
[Source "ChessBase"]
[SourceQuality "1"]

{[%evp 14,102,9,19,10,0,10,0,19,0,4,6,7,16,52,30,23,43,25,21,28,1,19,0,0,-41,-44,-77,-91,-89,-57,-73,-63,-64,-61,-80,-40,-50,-52,-41,-47,-41,-27,-58,-46,-45,-10,-20,-20,-19,-27,-18,-31,-11,0,-4,0,0,0,-141,-8,-222,-72,-70,-60,-75,0,0,0,0,0,0,0,-8,-8,-8,0,0,0,0,0,0,0,0,0,0,0,0,0,0,0]} 1. d4 d5 2. c4 c6 3. Nf3 Nf6 4. Nc3 e6 5. Qd3 dxc4 6. Qxc4 b5 {[%cal Bb7b5,Bb5b4][%mdl 32]} 7. Qd3 Be7 8. a3 {LiveBook: 8 Partien. D43: Damengambit (Botwinnik-Variante)} (8. e4 b4 9. Na4 Qa5 10. b3 Ba6 11. Qc2 Bxf1 12. Kxf1 O-O 13. Bg5 Nbd7 14. g3 c5 15. e5 Nd5 16. Bxe7 Nxe7 17. dxc5 Rac8 18. Rc1 Ng6 19. Kg2 Ngxe5 20. Nxe5 {½-½ (20) Gorovets,A (2545)-Corrales Jimenez,F (2530) Philadelphia 2016}) 8... a5 9. e4 Ba6 {Und ...b4 würde nun gewinnen.} 10. Qc2 b4 11. Bxa6 $146 ({Vorgänger:} 11. axb4 axb4 12. Nb1 Bd3 13. Bxd3 Rxa1 14. O-O h6 15. Bf4 O-O 16. Bxb8 Qxb8 17. Qxc6 {0-1 (26) Alanis Honrado,S (2000)-Vega Gutierrez,S (2253) Dos Hermanas 2005}) 11... Nxa6 12. Na4 O-O 13. O-O Qb8 14. Bg5 Qb5 {...b3 ist eine echte Drohung.} 15. Rfc1 Rac8 16. axb4 Nxb4 17. Qb1 Rfd8 18. Nc5 h6 19. Bh4 g5 20. e5 Nh5 21. Bg3 Ng7 22. Qe4 Bxc5 23. Rxc5 Qd3 24. Re1 Rd5 25. Rc3 Qxe4 26. Rxe4 Rb5 27. h4 Nd5 28. Ra3 Nf5 29. hxg5 h5 30. Bf4 Rxb2 31. Bd2 Ra8 32. Rxa5 Rxa5 33. Bxa5 Kg7 34. Re1 Ra2 35. Bd8 Nf4 36. Rd1 {[#]} (36. Bf6+ $11 {bleibt in der Remisbreite.} Kg6 37. Rb1) 36... h4 (36... Nxg2 $1 $17 {[%mdl 512] Und weiter mit ...Sf4 wäre nett.} 37. Rd2 (37. Bf6+ $2 Kg6 $19) (37. Kxg2 Ne3+) 37... Rxd2 38. Nxd2 Nf4) 37. Kf1 $2 {[#]} (37. g6 $11 {und Weiss steht sicher.}) 37... h3 (37... Nxg2 $1 $19 {[%mdl 512]} 38. Rd2 (38. Bf6+ $2 Kg6 $19) (38. Kxg2 Ne3+) 38... Rxd2 39. Nxd2 Nf4) 38. gxh3 $17 Nxh3 39. Rd2 Rxd2 (39... Ra1+ $17 40. Kg2 Nf4+ 41. Kh2 Ra8) 40. Nxd2 $11 {Die Stellung ist ausgeglichen.} Nxd4 $17 {[%mdl 4096] Endspiel KLS-KSS} 41. Kg2 Nf4+ 42. Kg3 Nd3 43. f4 Kg6 44. Nc4 Nb4 45. Bb6 Nf5+ 46. Kf3 Nd5 47. Bf2 Nfe7 48. Bc5 Nf5 49. Kg4 Ng7 50. Be3 Nf5 51. Bc5 Ng7 {Precision: Weiß = 56%, Schwarz = 58%.} 1/2-1/2

[Event "TUR-chT Superleague 2018"]
[Site "Ankara"]
[Date "2018.07.30"]
[Round "7"]
[White "Solak, Dragan"]
[Black "Gunduz, Umut Erdem"]
[Result "1/2-1/2"]
[WhiteElo "2603"]
[BlackElo "2130"]
[Annotator "TA"]
[PlyCount "60"]
[EventDate "2018.07.25"]
[EventType "team-tourn"]
[EventCountry "TUR"]
[SourceTitle "playchess.com"]
[Source "ChessBase"]
[SourceQuality "1"]

{[%evp 20,60,45,29,31,24,54,0,9,4,8,0,51,45,35,25,65,18,71,66,63,58,76,56,58,35,110,109,112,63,207,213,239,229,204,100,108,0,85,-27,-8,-114,-112]} 1. g3 g6 2. Bg2 Bg7 3. e4 e5 4. Ne2 Ne7 5. d4 exd4 6. Nxd4 Nbc6 {[%cal Bb8c6,Bc6e5,Be5c4][%mdl 32]} 7. Be3 O-O 8. Nc3 d6 9. O-O Ne5 {B06: Modern Defence} 10. h3 Nc4 11. Bc1 $1 {LiveBook: 3 Games} c6 {White has an edge.} 12. b3 Qa5 $146 ({Predecessor:} 12... Nb6) 13. Nce2 c5 14. bxc4 {[#] Hoping for Bg5.} cxd4 15. Nxd4 Qc3 (15... Nc6 $11 16. Bb2 Qc5 17. Nxc6 bxc6 18. Bxg7 Kxg7) 16. Be3 $14 Qxc4 17. Qd3 $36 {[%mdl 2048] White has the initiative.} Qa4 18. Rab1 b6 (18... Nc6 $11 19. Nxc6 bxc6) 19. Nb5 Ba6 20. c4 Rac8 21. Rfc1 {[%cal Bf1c1,Bc1c2,Bc2d2,Bd2d3][%mdl 32]} Nc6 22. Nxd6 (22. Qd1 $5 {[%cal Rd1a4]} Qxd1+ 23. Rxd1 $14) 22... Rfd8 ({Black should play} 22... Rcd8 $14) 23. Qd1 $16 Qxa2 24. Rc2 Qa3 (24... Qa4 $1 $14 25. Rd2 Qxd1+ 26. Rbxd1 (26. Rdxd1 Rc7 $11) 26... Rc7) 25. Rd2 $18 Rb8 26. Rd3 Qa5 27. Qc1 (27. Rd5 $18 {is more deadly.} Qa2 28. f4) 27... Qe5 $16 28. Qd1 ({White should try} 28. Rd5 $16 Qc3 29. Qd1) 28... Qe6 (28... Qa5 $1 $11 {keeps the balance.}) 29. f4 (29. Rd5 $16) 29... Bxc4 30. Nxc4 (30. f5 $1 $11 {was the only way to keep the balance.} Qd7 31. Rd2) 30... Qxc4 {Precision: White = 43%, Black = 35%.} 1/2-1/2

[Event "TUR-chT Superleague 2018"]
[Site "Ankara"]
[Date "2018.07.30"]
[Round "7"]
[White "Goganov, Aleksey"]
[Black "Nihal Sarin"]
[Result "1/2-1/2"]
[WhiteElo "2576"]
[BlackElo "2551"]
[Annotator "TA"]
[PlyCount "76"]
[EventDate "2018.07.25"]
[EventType "team-tourn"]
[EventCountry "TUR"]
[SourceTitle "playchess.com"]
[Source "ChessBase"]
[SourceQuality "1"]

{[%evp 21,76,-21,-24,-22,-16,-16,-21,-16,-17,-19,-15,-21,-2,0,0,-10,-11,-20,-30,-33,-19,-52,-50,-36,-32,-36,-37,-70,-56,-58,-53,-70,-69,-52,-31,-63,-58,-47,-58,-67,-60,-84,-83,-87,-60,-68,-47,-52,-52,-52,-54,-72,-22,-29,-26,-24,-16]} 1. Nf3 d5 2. g3 Nf6 3. Bg2 e6 4. O-O Be7 5. c4 O-O 6. b3 b6 7. Bb2 c5 8. e3 Nc6 9. cxd5 Nxd5 10. d4 {A14: English Opening: 1...e6 with b3 by White} Ba6 11. Re1 Ndb4 {LiveBook: 4 Games} 12. Bf1 $1 Bxf1 13. Rxf1 cxd4 14. a3 Nd5 15. Nxd4 Nxd4 16. Bxd4 {[#]} Bf6 $146 ({Predecessor:} 16... Rc8 17. Nd2 Nc3 {½-½ (59) Malakhov,V (2707)-Bu,X (2702) Sochi 2009}) 17. Ra2 Rc8 18. Rd2 Qe7 19. e4 Bxd4 20. Rxd4 Nf6 $36 {[%mdl 2048] Black has good play.} 21. f3 Rc7 22. Qd2 Rfc8 23. Rd1 Kf8 24. b4 Rc2 25. Qe3 h6 26. R4d3 Qc7 27. Nd2 Qe5 28. Nf1 g5 29. Qd4 Qxd4+ 30. Rxd4 Ra2 31. R4d3 g4 32. e5 Nd5 33. fxg4 Re2 34. R1d2 Rxe5 35. Kf2 Ke7 36. h3 b5 37. Nh2 Re4 38. Nf3 Rec4 {Precision: White = 71%, Black = 84%.} 1/2-1/2

[Event "TUR-chT Superleague 2018"]
[Site "Ankara"]
[Date "2018.07.30"]
[Round "7"]
[White "Shevchenko, Kirill"]
[Black "Unat, Can Haktan"]
[Result "1-0"]
[WhiteElo "2554"]
[BlackElo "2047"]
[Annotator "TA"]
[PlyCount "83"]
[EventDate "2018.07.25"]
[EventType "team-tourn"]
[EventCountry "TUR"]
[SourceTitle "playchess.com"]
[Source "ChessBase"]
[SourceQuality "1"]

{[%evp 18,83,7,19,87,86,216,218,194,199,189,190,177,181,181,172,172,172,181,173,185,192,187,166,195,204,193,183,216,223,221,220,708,705,710,695,708,696,816,806,804,779,771,760,945,929,929,929,1093,1091,916,902,1085,1073,1641,1543,1154,1175,29970,29971,29972,29971,29971,29972,29980,29974,29983,29984]} 1. e4 e5 2. Nf3 Nf6 3. Nxe5 d6 4. Nf3 Nxe4 5. Nc3 Nxc3 6. dxc3 Be7 7. Be3 Nc6 {C42: Russische Verteidigung (Petrow)} (7... O-O 8. Qd2 b6 9. O-O-O Bb7 10. h4 Nd7 11. Bd3 Re8 12. Kb1 Bf6 13. Rh3 Nc5 14. Bxc5 bxc5 15. g4 c4 16. Bxc4 {½-½ (26) Caruana,F (2822)-Mamedyarov,S (2808) Stavanger 2018}) 8. Bd3 Be6 9. Qe2 Qd7 10. O-O-O {LiveBook: 5 Partien} O-O-O (10... Bf6 $11) 11. Bb5 $16 Kb8 $146 {[#]} (11... Bg4 $16) ({Vorgänger:} 11... a6 12. Ne5 Qe8 13. Bxc6 {1-0 (13) Lampir,T (2045)-Pikhart,M (1860) Czechia 2013}) 12. Ne5 $1 $18 {[%cal Re5d7][%mdl 512]} dxe5 (12... Nxe5 13. Bxd7) 13. Rxd7 Bxd7 14. Rd1 Bd6 15. Qc4 Na5 16. Qa4 Bxb5 17. Qxb5 Nc6 18. Qc4 Rhf8 19. g4 f6 20. h4 Rde8 21. Bc5 Bxc5 22. Qxc5 Kc8 23. b4 a6 24. a4 {[%cal Ba2a4,Ba4b5][%mdl 32]} Rd8 $2 {[#]} (24... Nb8 25. h5 g6) 25. Rxd8+ Rxd8 {[%mdl 4096] Endspiel KD-KTS} 26. b5 axb5 27. axb5 Na5 28. Qe7 g5 29. Qe6+ Rd7 30. Qxf6 gxh4 31. Qh8+ Rd8 32. Qxh7 Nc4 33. g5 {[%cal Bg4g5,Bg5g6][%mdl 32]} Nd6 34. g6 Nf5 35. Qf7 Nh6 36. Qe6+ Kb8 37. Qe7 Kc8 38. Qxh4 {Weiß setzt Matt.} Ng8 39. Qg4+ Kb8 40. Qe6 Rc8 41. Qxe5 b6 42. f4 {Precision: Weiß = 99%, Schwarz = 34%.} 1-0

[Event "TUR-chT Superleague 2018"]
[Site "Ankara"]
[Date "2018.07.30"]
[Round "7"]
[White "Tukhaev, Adam"]
[Black "Yilmaz, Mustafa"]
[Result "1/2-1/2"]
[WhiteElo "2542"]
[BlackElo "2624"]
[Annotator "TA"]
[PlyCount "38"]
[EventDate "2018.07.25"]
[EventType "team-tourn"]
[EventCountry "TUR"]
[SourceTitle "playchess.com"]
[Source "ChessBase"]
[SourceQuality "1"]

{[%evp 24,38,16,0,13,13,18,17,40,14,28,0,22,0,15,0,43]} 1. e4 {Marchand,A/Primel,D} c5 2. Nf3 d6 3. d4 cxd4 4. Nxd4 Nf6 5. Nc3 a6 6. Be2 e5 7. Nb3 Be7 8. O-O O-O 9. Kh1 Nc6 {B92: Sizilianisch (Najdorf-Variante mit 6.Le2)} 10. f3 a5 11. Bb5 Na7 12. Be2 Nc6 13. Bb5 {LiveBook: 3 Partien} Na7 14. Bd3 Nc6 15. Be3 Be6 16. Bb5 Na7 {[#]} 17. Bd3 $146 ({Vorgänger:} 17. Be2 Nc6 18. Nd5 a4 19. Nc1 Bxd5 20. exd5 {½-½ (27) Azarov,S (2615)-Wojtaszek,R (2711) Aix les Bains 2011 CBM 142 Extra [Marchand,A/Primel,D]}) 17... Nc6 {Die Stellung ist ausgeglichen.} 18. Bb5 Na7 19. Bd3 Nc6 1/2-1/2